Most Valuable MLB Players from Every Country and Territory in 2025 - Statistics

General Stats
  • This quiz has been taken 18 times
  • The average score is 13 of 24
Answer Stats
Country/Territory bWAR Team Player % Correct
United States 9.7 Yankees Aaron Judge
92%
Puerto Rico 5.9 Mets Francisco Lindor
92%
Cuba 4.0 Mariners Randy Arozarena
92%
Japan 7.7 Dodgers Shohei Ohtani
85%
Bahamas 4.2 Yankees Jazz Chisholm Jr.
77%
Dominican Republic 6.2 Mets Juan Soto
77%
Curacao 4.7 Red Sox Ceddanne Rafaela
69%
South Korea 1.7 Dodgers Hyeseong Kim
69%
Panama 2.7 Rays/Yankees José Caballero
69%
Venezuela 3.9 Brewers William Contreras
69%
Aruba 2.0 Padres Xander Bogaerts
69%
Mexico 3.5 Rays Jonathan Aranda
62%
Canada 5.3 Padres Nick Pivetta
62%
Peru 3.9 Phillies Jesús Luzardo
46%
Germany 2.7 Cardinals Brendan Donovan
38%
Colombia 1.3 Brewers Jose Quintana
38%
Honduras 1.7 Astros Mauricio Dubón
38%
Nicaragua 0.4 Twins Erasmo Ramírez
31%
Australia -0.2 Rays/White Sox Curtis Mead
23%
Portugal -0.1 Red Sox Isaiah Campbell
23%
South Africa -1.0 Astros/Diamondbacks Tayler Scott
23%
Italy 0.2 Reds Chase Burns
15%
United Kingdom 0.1 Braves/Marlins Michael Petersen
15%
Taiwan 0.0 Pirates Tsung-Che Cheng
15%
No matching quizzes found
Score Distribution
Percent of People with Each Score
Percentile by Number Answered
Your Score History
You have not taken this quiz